000 00544nam a22001937a 4500
003 OSt
005 20140310182958.0
008 130208t xxu||||| |||| 00| 0 eng d
020 _a9712327655
050 _aLB 1025.3
_b.Ac35 2003
100 _aAcero, Victorina O.
245 _aPrinciples and strategies of teaching /
_cVictorina O. Acero, Evelyn S. Javier, Hermina A. Castro.
260 _aManila :
_b Rex Book Store,
_c2003.
300 _a284 p. :
_c22 cm.
521 _aEDU
942 _2lcc
_cBK
_kLOC
999 _c18048
_d18048